Statistics for A-Z Riverdale

Click here to take the quiz!

General Stats

  • This quiz has been taken 74 times
  • The average score is 13 of 26

Answer Stats

LetterHintAnswer% Correct
BShe is a former River Vixen at Riverdale High, as well as an editor for the Register.Betty Cooper
97%
CShe is in a relationship with Toni Topaz and joined the Southside Serpents.Cheryl Blossom
96%
AHis team number was number nine, given to him by Coach Clayton.Archie Andrews
93%
KHis father is the sheriff of Riverdale and his mother is oversea in the navy.Kevin Keller
82%
VShe moved from New York to her mother's hometown of Riverdale due to her father's arrest and subsequent incarceration.Veronica Lodge
81%
EThe husband of Evelyn Evernever and the leader of the Farm.Edgar Evernever
79%
JHe is the omniscient narrator of the series and the writer of an ongoing novel about Jason Blossom's mysterious death.Jughead Jones
79%
PShe is Hal and Alice Cooper's daughter, and the former fiancé of the late Jason Blossom.Polly Cooper
78%
YThe St. Clair's are from New ____.York
75%
TShe and Cheryl have created a gang of their own, the Pretty Poisons.Toni Topaz
73%
SA gang of dangerous criminals who predominantly reside on the south side of Riverdale.Southside Serpents
72%
RThe official cheerleading squad for Riverdale High School.River Vixens
69%
HHe is a sheep dog belonging to the Southside Serpents.Hot Dog
58%
MThe town was basically built on it with the Blossoms running a lucrative business.Maple syrup
58%
FShot by Midge's mother as he exited the Sheriff Station.Fangs Fogarty
46%
NFortunately, the Pussycats intervened against this villainous character.Nick St. Clair
31%
XMoose's relationship to Kevin Keller.Ex
21%
DUsed as refuge for Archie, following his escape from the Leopold and Loeb Juvenile Detention Center.Dilton's Bunker
15%
WIt was the local hangout of the Southside Serpents until it was purchased by Hiram Lodge.Whyte Wyrm
13%
QBetty, Veronica, Cheryl, and Toni win in the ____ semifinals and earn a spot in the finals against Stonewall Prep.Quiz Show
10%
IBret still invites Jughead and Betty into the woods for a party to celebrate the...Ides of March
9%
GLoyal disciples who worship and follow the Gargoyle King's every command.Gargoyle Gang
6%
LA farm girl who takes in Archie and Jughead after they wander onto her property in need of shelter.Laurie Lake
6%
ZBetty shines one of these in Chic's face to threaten him when he is asleep.Zippo lighter
6%
OThe Riverdale Vixens squad suffer from a mass seizure with the exception of Cheryl who soon asks for Toni to move in in this episode.Outbreak
3%
UA weapons store that sells ammunition and other weaponry, located in Riverdale.U.S Army and Navy
1%

Score Distribution

Percentile by Number Answered

Percent of People with Each Score

Your Score History

You have not taken this quiz